[Event "Czech Coal"]
[Site "Carlsbad CZE"]
[Date "2007.09.11"]
[Round "4"]
[White "Timman,J"]
[Black "Laznicka,V"]
[Result "1/2-1/2"]
[WhiteElo "2560"]
[BlackElo "2594"]

1.Nf3 d5 2.c4 c6 3.d4 Nf6 4.Nc3 a6 5.h3 e6 6.cxd5 cxd5 7.Bf4 Nc6 8.e3 Bd6
9.Bd3 O-O 10.O-O b5 11.Rc1 Bb7 12.Bb1 Rc8 13.Qe2 Rc7 14.Rfd1 Bxf4 15.exf4 Qd6
16.Qe3 Rfc8 17.Ne5  1/2-1/2

[Event "12th ch-Asia w"]
[Site "Tehran IRI"]
[Date "2007.09.11"]
[Round "9"]
[White "Navabi,S"]
[Black "Ghader Pour,S"]
[Result "1-0"]
[WhiteElo "2121"]
[BlackElo "2190"]

1.Nf3 d5 2.c4 d4 3.g3 g6 4.d3 Bg7 5.Bg2 e5 6.O-O Nc6 7.Na3 Nge7 8.Nc2 a5
9.Rb1 h6 10.b3 Be6 11.Bb2 Qd7 12.Re1 O-O 13.a3 Bh3 14.Bh1 f5 15.Nd2 Rf7 16.b4 Raf8
17.bxa5 h5 18.Nb4 Bh6 19.Nxc6 bxc6 20.Nf3 Qe6 21.Bc1 f4 22.a6 Nc8 23.a4 g5
24.Ba3 Re8 25.Nd2 Bf8 26.Bxf8 Rexf8 27.Ne4 Qf5 28.c5 h4 29.Rb7 hxg3 30.hxg3 fxg3
31.fxg3 Ne7 32.Qc1 Rg7 33.a7 Nd5 34.Rb8 Ne3 35.a5 Rf7 36.Rxf8+ Rxf8  1-0

[Event "3rd Geller mem Open A"]
[Site "Odessa UKR"]
[Date "2007.09.13"]
[Round "6"]
[White "Eingorn,V"]
[Black "Kharchenko,B"]
[Result "1-0"]
[WhiteElo "2586"]
[BlackElo "2427"]

1.Nf3 d5 2.c4 d4 3.d3 c5 4.b4 f6 5.bxc5 e5 6.g3 Bxc5 7.Bg2 Ne7 8.O-O Nbc6
9.Nfd2 O-O 10.Ne4 Bb4 11.Qb3 Be6 12.a3 Ba5 13.Nc5 Bg4 14.Nxb7 Qc7 15.Nxa5 Nxa5
16.Qd1 Rab8 17.Nd2 f5 18.a4 Nac6 19.a5 Nb4 20.Nf3 Nec6 21.Bd2 Nxa5 22.Ng5 f4
23.Bxb4 Rxb4 24.Bd5+ Kh8 25.f3 h6 26.Qe1 Qb6 27.Nf7+ Rxf7 28.Bxf7 Bh3 29.c5 Qxc5
30.Qc1 Qf8 31.Re1 Qxf7 32.Rxa5 Qg6 33.Kf2 Qg5 34.Rg1 Rb7 35.Rc5 Kh7 36.Rc7 Rxc7
37.Qxc7 Be6 38.h4 Qf6 39.Qxa7 Bf7 40.Qd7 h5 41.Qh3 Be6 42.Qg2 Bf5 43.gxf4 exf4
44.Qg5 Qe5 45.Ra1 Qe3+ 46.Ke1 Bg4 47.fxg4 Qg1+ 48.Kd2 Qxa1 49.Qxh5+ Kg8 50.Qe8+ Kh7
51.Qe4+ Kh8 52.Qxf4 Qc3+ 53.Kd1 Qa1+ 54.Qc1 Qa8 55.Qc4 Qh1+ 56.Kd2 Qg1 57.Qc8+ Kh7
58.Qf5+ Kh8 59.h5 Qe3+ 60.Kd1 Qg1+ 61.Kc2 Qe1 62.Qc8+ Kh7 63.Qf5+ Kh8 64.Kb3 Qxe2
65.Qf8+ Kh7 66.Qf5+ Kh8 67.Qe4 Qd1+ 68.Kc4 Qa4+ 69.Kd5 Qd7+ 70.Ke5 Qd8 71.Qxd4 Qg5+
72.Ke6 Qh6+ 73.Kf7 Qg5 74.h6  1-0

[Event "17th ch-EU U16 Boys"]
[Site "Sibenik CRO"]
[Date "2007.09.14"]
[Round "1"]
[White "Saatdjian,T"]
[Black "Moltsanov,I"]
[Result "1-0"]
[WhiteElo "2284"]
[BlackElo "2003"]

1.Nf3 d5 2.c4 e6 3.d4 Nf6 4.g3 Nbd7 5.Qc2 c6 6.Bg2 Bd6 7.O-O O-O 8.Nc3 dxc4
9.Rd1 Nd5 10.Ne4 N7b6 11.Nxd6 Qxd6 12.a3 h6 13.Ne5 Qe7 14.e4 Nc7 15.Nxc4 Nxc4
16.Qxc4 Rd8 17.Bf4 Ne8 18.Rac1 Bd7 19.Qb3 b6 20.Bd2 Nf6 21.Bb4 Qe8 22.Re1 Rac8
23.Bd6 Ra8 24.Qe3 Rac8 25.h3 Ra8 26.g4 Rdc8 27.Qg3 Qd8 28.Bf4 a5 29.Bf3 Nh7
30.h4 Be8 31.Red1 Nf8 32.g5 hxg5 33.Bxg5 Qc7 34.e5 Nh7 35.Bf4 Qe7 36.Kh1 Rab8
37.Rg1 g6 38.Rg2 Rd8 39.Be3 Rbc8 40.h5 c5 41.dxc5 bxc5 42.hxg6 fxg6 43.Be4 Nf8
44.Bg5 Qd7 45.Qh4 Qd4 46.Rh2 Bc6 47.Qh8+ Kf7 48.Qf6+  1-0

[Event "3rd Geller mem Open A"]
[Site "Odessa UKR"]
[Date "2007.09.15"]
[Round "8"]
[White "Mamedov,A"]
[Black "Onikienkoo,V"]
[Result "0-1"]
[WhiteElo "2083"]
[BlackElo "2265"]

1.Nf3 d5 2.c4 c6 3.d4 Nf6 4.e3 Bf5 5.Nc3 e6 6.Bd3 Bxd3 7.Qxd3 Nbd7 8.O-O Be7
9.b3 O-O 10.Bb2 Re8 11.Rfd1 Bd6 12.e4 dxe4 13.Nxe4 Nxe4 14.Qxe4 Qe7 15.Rd3 Rad8
16.Rad1 a5 17.Bc1 e5 18.dxe5 Nc5 19.Qf5 Nxd3 20.Bg5 f6 21.exf6 Qf7 22.Rxd3 g6
23.Qxa5 Bxh2+ 24.Kxh2 Rxd3 25.Ne5 b6 26.Qe1 h6 27.Nxf7 Rxe1 28.Nxh6+ Kf8
29.Ng4 Re4 30.f4 Kf7 31.Nh6+ Ke8 32.Ng4 Re2 33.Ne5 Rxe5 34.fxe5 Kf7 35.Kg1 Rd1+
36.Kf2 Ra1 37.Bd2 Rxa2 38.Ke2 Ra3 39.b4 Rg3 40.Kf2 Rg4 41.Kf3 Rxc4 42.g4 Rd4
43.Be1 g5 44.Kg3 Re4 45.Bf2 Rxb4 46.Be3 Kg6 47.Bxg5 Kxg5 48.f7 Rxg4+ 49.Kh3 Rh4+  0-1

[Event "17th ch-EU U16 Boys"]
[Site "Sibenik CRO"]
[Date "2007.09.15"]
[Round "2"]
[White "Buhin,D"]
[Black "Bjelicic,J"]
[Result "0-1"]
[WhiteElo "1943"]
[BlackElo "2101"]

1.Nf3 d5 2.c4 e6 3.g3 c5 4.Bg2 Nc6 5.O-O Nf6 6.cxd5 exd5 7.d4 Be7 8.dxc5 Bxc5
9.a3 a6 10.b4 Be7 11.Bb2 O-O 12.Nbd2 Bf5 13.Nb3 Be4 14.Rc1 Nd7 15.Nfd4 Nxd4
16.Bxd4 Bxg2 17.Kxg2 Nf6 18.Qd3 Qd6 19.Rfd1 Rfd8 20.Rc2 Nd7 21.Nc5 Nxc5 22.Bxc5 Qe6
23.Bxe7 Qxe7 24.Qf3 Qe4 25.Rcd2 Re8 26.e3 Qxf3+ 27.Kxf3 Red8 28.Rxd5 Rxd5
29.Rxd5 g6 30.Rd7 b5 31.Kf4 Rc8 32.Rd6 a5 33.bxa5 Rc3 34.Rd5 Rxa3 35.Rxb5 Kg7
36.h4 h5 37.e4 Ra2 38.f3 Ra3 39.Rd5 f6 40.Rd7+ Kh6 41.Rd5 Kg7 42.g4 hxg4
43.fxg4 Kf7 44.h5 g5+  0-1

[Event "TCh-FIN 2007-8"]
[Site "Finland FIN"]
[Date "2007.09.16"]
[Round "2"]
[White "Gamback,B"]
[Black "Sisatto,O"]
[Result "0-1"]
[WhiteElo "2207"]
[BlackElo "2264"]

1.Nf3 d5 2.c4 d4 3.b4 f6 4.e3 e5 5.exd4 e4 6.Nh4 Qxd4 7.Nc3 e3 8.Qh5+ g6
9.fxe3 Qxc3 10.Nxg6 Qxa1 11.Nxh8+ Kd8 12.Qd5+ Nd7 13.Qxg8 Qxc1+ 14.Kf2 c6
15.Nf7+ Kc7 16.c5 Qxd2+ 17.Be2 Qd5 18.Rd1 Qf5+ 19.Kg1 Qg6 20.Qxg6 hxg6 21.Bd3 a5
22.a3 axb4 23.axb4 Ra4 24.Bxg6 Rxb4 25.Nd6 Nxc5 26.Ne8+ Kb8 27.Nxf6 Bh6 28.e4 Be3+
29.Kh1 Nd3  0-1

[Event "3rd Geller mem Open A"]
[Site "Odessa UKR"]
[Date "2007.09.16"]
[Round "9"]
[White "Bugaev,V"]
[Black "Bagrationi,A"]
[Result "1-0"]
[WhiteElo "1926"]
[BlackElo "2164"]

1.Nf3 d5 2.c4 dxc4 3.Na3 Nd7 4.Nxc4 c5 5.g3 b5 6.Ne3 Rb8 7.Bg2 Bb7 8.O-O Ngf6
9.a4 a6 10.Qc2 e6 11.axb5 axb5 12.Rd1 Qb6 13.b3 Be7 14.Bb2 O-O 15.Ra2 Ra8
16.Rda1 Rxa2 17.Rxa2 Nb8 18.Ne5 Bxg2 19.Kxg2 Na6 20.Ra1 Nb4 21.Qc3 Rd8 22.d3 Bf8
23.N5g4 Qb7+ 24.Kg1 Be7 25.h4 h5 26.Ne5 Bf8 27.Ng2 Nfd5 28.Qd2 Bd6 29.Nf3 f6
30.e4 Nb6 31.Qe2 e5 32.Bc3 Nc6 33.Ne3 Bf8 34.Ne1 Nd4 35.Bxd4 cxd4 36.N3g2 Qf7
37.Ra6 Rd6 38.Qc2 Qb7 39.Qa2 Nc8 40.Ra5 Kh7 41.Qe2 g6 42.g4 hxg4 43.Qxg4 Ne7
44.f4 Bh6 45.fxe5 fxe5 46.Nf3 Nc6 47.Ra1 Rf6 48.Ng5+ Kh8 49.Ne1 Rf4 50.Qe6 Bxg5
51.hxg5 Qf7 52.Qh3+ Qh7 53.Qc8+ Kg7 54.Qxc6 Rf7 55.Qe6 Qh4 56.Qxe5+ Kh7 57.Ng2 Qf2+
58.Kh2 Qe2 59.Qg3 Qh5+ 60.Qh4 Rf2 61.Ra7+ Kg8 62.Qxh5 gxh5 63.Rd7  1-0

[Event "17th ch-EU U16 Boys"]
[Site "Sibenik CRO"]
[Date "2007.09.17"]
[Round "4"]
[White "Yilmazyerli,M"]
[Black "Balazs,G2"]
[Result "1/2-1/2"]
[WhiteElo "2071"]
[BlackElo "2305"]

1.Nf3 d5 2.c4 c6 3.g3 Bg4 4.Bg2 e6 5.O-O Nd7 6.d4 Ngf6 7.Nc3 Bd6 8.Qb3 Qb6
9.c5 Qxb3 10.axb3 Bc7 11.b4 O-O 12.b5 e5 13.e3 Rfe8 14.bxc6 bxc6 15.Ra6 Nb8
16.Ra4 Nbd7 17.Ra6 Nb8 18.Ra4 Nbd7 19.Ra6  1/2-1/2

[Event "17th ch-EU U16 Boys"]
[Site "Sibenik CRO"]
[Date "2007.09.18"]
[Round "5"]
[White "Saatdjian,T"]
[Black "Hamitevici,V"]
[Result "1-0"]
[WhiteElo "2284"]
[BlackElo "2333"]

1.Nf3 d5 2.c4 e6 3.g3 c6 4.Bg2 dxc4 5.a4 Qa5 6.Qc2 b5 7.Nd4 Qb6 8.Nxb5 Ba6
9.N5a3 Qc5 10.Nc3 Nf6 11.Ne4 Nxe4 12.Qxe4 Be7 13.O-O O-O 14.d3 cxd3 15.exd3 Rc8
16.Nc4 Nd7 17.Qe2 Nf6 18.Be3 Qf5 19.Rfd1 Rd8 20.Rac1 Nd5 21.h4 Bxc4 22.Rxc4 Nxe3
23.Qxe3 Rab8 24.Qe2 Bf6 25.d4 Rd6 26.Bxc6 Rbd8 27.Be4 Qa5 28.Qe3 Qb6 29.Qf3 Bxd4
30.Kg2 f5 31.Bb1 Qxb2 32.Rc2 Qb4 33.Ba2 Qxa4 34.Bb3 Qb5 35.Re1 Qb6 36.Rxe6 Rxe6
37.Rc6 Qb5 38.Bxe6+ Kf8 39.Rc7 f4 40.Qa3+ Bc5 41.Rxc5 Qb7+ 42.Kh2 fxg3+ 43.Qxg3 Qb8
44.Rc7  1-0

[Event "17th ch-EU U16 Boys"]
[Site "Sibenik CRO"]
[Date "2007.09.18"]
[Round "5"]
[White "Tausanov,M"]
[Black "Soors,S"]
[Result "0-1"]
[WhiteElo "1771"]
[BlackElo "2126"]

1.Nf3 d5 2.c4 e6 3.b3 Nf6 4.g3 Be7 5.Bg2 O-O 6.Bb2 a5 7.Qc2 a4 8.Ng5 d4 9.c5 Na6
10.Ba3 axb3 11.axb3 Nxc5 12.d3 Nd5 13.Nf3 Nb4 14.Qd1 Nc6 15.Nbd2 Rxa3 16.Rxa3 Nxd3+
17.exd3 Bxa3 18.O-O Bd6 19.Re1 e5 20.Nh4 Ne7 21.Nc4 f6 22.Qh5 Bb4 23.Re4 g6
24.Qh6 Nf5 25.Nxf5 Bxf5 26.Rh4 Rf7 27.Bh3 Bxh3 28.Rxh3 Qd5 29.Qc1 b5 30.Nb2 Qxb3
31.Nd1 c5 32.f4 Qxd3 33.Nf2 Qc3  0-1

[Event "Reykjavik CC Inv"]
[Site "Reykjavik ISL"]
[Date "2007.09.19"]
[Round "3"]
[White "Omarsson,D"]
[Black "Petursson,Mat"]
[Result "1-0"]
[WhiteElo "1951"]
[BlackElo "1919"]

1.Nf3 d5 2.c4 c6 3.d4 e6 4.g3 f5 5.Bg2 Nf6 6.O-O Be7 7.Qc2 O-O 8.Ne5 Ne4
9.Nd2 Nd7 10.Ndf3 Ndf6 11.b3 Bd7 12.a4 Be8 13.Nd3 Bh5 14.Nfe5 Re8 15.f3 Nd6
16.h3 Rf8 17.c5 Nde8 18.b4 a6 19.Rb1 Nc7 20.g4 Bf7 21.Bf4 Kh8 22.e3 Bg8 23.Qf2 Bf7
24.Qg3 Rc8 25.Rb2 Bg8 26.Bh1 Bf7 27.Rh2 Bg8 28.Bg2 Bf7 29.h4 Bg8 30.h5 fxg4
31.fxg4 Bf7 32.g5 Ne4 33.Bxe4 dxe4 34.Nf2 Nd5 35.Nxe4 Be8 36.Ng6+ hxg6 37.hxg6+ Kg8
38.Rh8+ Kxh8 39.Qh3+  1-0

[Event "17th ch-EU U16 Girls"]
[Site "Sibenik CRO"]
[Date "2007.09.20"]
[Round "7"]
[White "Vince,V"]
[Black "Manyoki,A"]
[Result "1/2-1/2"]
[WhiteElo "1839"]
[BlackElo "1979"]

1.Nf3 d5 2.c4 dxc4 3.Na3 e6 4.Nxc4 b5 5.Na3 a6 6.g3 Bb7 7.Bg2 Nf6 8.O-O c5
9.Nc2 Be7 10.d4 Nbd7 11.a4 c4 12.Bd2 O-O 13.Na3 Qb6 14.Qe1 Bd5 15.Bb4 Bxb4
16.Qxb4 bxa4 17.Qxa4 Qxb2 18.Nxc4 Qxe2 19.Nfe5 Nxe5 20.Bxd5 Nxd5 21.Nxe5 Qb5
22.Qxb5 axb5 23.Rab1 Nc3 24.Rb2 Ra4 25.Nf3 Rfa8 26.Kg2 Kf8 27.Rc1 b4 28.Ne5 Ke8
29.Nc6 Nd5 30.Rcb1 Nc3 31.Rc1 Nd5 32.Rcb1 Rc8 33.Nxb4 Nxb4 34.Rxb4 Rxb4 35.Rxb4 Rc3
36.Rb8+ Kd7  1/2-1/2

[Event "2nd ITT"]
[Site "Villa Martelli ARG"]
[Date "2007.09.22"]
[Round "1"]
[White "Moskow,E"]
[Black "Fernandez,Dani"]
[Result "1/2-1/2"]
[WhiteElo "2254"]
[BlackElo "2447"]

1.Nf3 d5 2.c4 c6 3.d4 Nf6 4.cxd5 cxd5 5.Nc3 Nc6 6.Bf4 Ne4 7.e3 Nxc3 8.bxc3 g6
9.Be2 Bg7 10.O-O O-O 11.Rc1 Bg4  1/2-1/2

[Event "16th Monarch Assurance"]
[Site "Port Erin IOM"]
[Date "2007.09.24"]
[Round "3"]
[White "Grant,A"]
[Black "Abergel,T"]
[Result "0-1"]
[WhiteElo "2223"]
[BlackElo "2512"]

1.Nf3 d5 2.c4 c6 3.e3 Nf6 4.Qc2 g6 5.b3 Bg7 6.Bb2 O-O 7.Be2 Bf5 8.d3 dxc4
9.Qxc4 Nbd7 10.Nbd2 Qc7 11.O-O e5 12.Rac1 h6 13.Rfd1 Rfe8 14.e4 Bg4 15.h3 Be6
16.Qc2 Nh5 17.d4 Nf4 18.Bf1 exd4 19.Bxd4 Bxd4 20.Nxd4 Ne5 21.Nb5 Qe7 22.Nd4 Rad8
23.N2f3 Qf6 24.Nxe5 Qxe5 25.Nxe6 Nxe6 26.f3 Nd4 27.Qf2 c5 28.Bc4 b6 29.Re1 Ne6
30.Bxe6 Qxe6 31.Rcd1 a5 32.Qc2 Qe5 33.Rf1 b5 34.Qe2 b4 35.Qc2 Rd4 36.Rxd4 cxd4
37.Rd1 Rd8 38.Rd3 h5 39.Qc4 h4 40.Kf2 Kf8 41.Kf1 Rd7 42.Qc2 Kg7 43.Kf2 Kh7
44.Kf1 Rc7 45.Qd1 Qg5 46.Qe2 Qe5 47.Qd1 Qh2 48.Kf2 Qg3+ 49.Kf1 Qf4 50.Qe2 Rc1+
51.Rd1 Qh2 52.Ke1 Qg1+ 53.Kd2 Rxd1+ 54.Qxd1 Qxg2+ 55.Kd3 Qxh3 56.Qe2 Qg3
57.e5 Qf4  0-1

[Event "16th Monarch Assurance"]
[Site "Port Erin IOM"]
[Date "2007.09.25"]
[Round "4"]
[White "Pavlovic,Milos"]
[Black "Van den Bersselaar,J"]
[Result "1-0"]
[WhiteElo "2541"]
[BlackElo "2183"]

1.Nf3 d5 2.c4 e6 3.g3 Nf6 4.Bg2 Be7 5.O-O O-O 6.b3 c5 7.Bb2 Nc6 8.e3 d4 9.exd4 cxd4
10.Re1 Re8 11.d3 Bf8 12.a3 a5 13.Ne5 Qd6 14.Qe2 Nd7 15.Nxc6 bxc6 16.Nd2 e5
17.b4 Rb8 18.Nf3 Ba6 19.Bc1 Qc7 20.Bd2 axb4 21.axb4 Qb6 22.Ra5 f6 23.Nh4 Bb7
24.c5 Qc7 25.Bh3 g6 26.Qg4 Rbd8 27.Ra7 Bg7 28.Qd1 f5 29.Qb3+ Kh8 30.Nf3 Nf6
31.Nxe5 Rxe5 32.Rxe5 Qxe5 33.Rxb7 Nd5 34.Bg2 Ra8 35.Bxd5 Ra1+ 36.Kg2 cxd5
37.Qb2 Rd1 38.Bf4 Qe1 39.Rb8+ Bf8 40.Qxd4+ Kg8 41.Qxd5+  1-0

[Event "6th ch-Asia"]
[Site "Cebu City PHI"]
[Date "2007.09.26"]
[Round "8"]
[White "Batchuluun,C"]
[Black "Filippov,An UZB"]
[Result "1/2-1/2"]
[WhiteElo "2415"]
[BlackElo "2481"]

1.Nf3 d5 2.c4 dxc4 3.Qa4+ c6 4.Qxc4 Nf6 5.g3 Bf5 6.Bg2 e6 7.O-O Nbd7 8.Nc3 Be7
9.d4 O-O 10.Qb3 Qb6 11.Qxb6 axb6 12.Nh4 Bc2 13.Bd2 h6 14.Rac1 Bh7 15.a4 Bb4
16.b3 Rfd8 17.Nf3 Kf8 18.Rfd1 Ba3 19.Ra1 Be7 20.Rac1 Ne4 21.Nxe4 Bxe4 22.Bc3 Nf6
23.Nd2 Bxg2 24.Kxg2 b5 25.axb5 cxb5 26.Ra1 Nd5 27.Bb2 Bb4 28.Nf3 Bc3 29.Rxa8 Rxa8
30.Bxc3 Nxc3 31.Rd2 Ra1 32.Rb2 f6 33.e3 Ke7 34.g4 Kd6 35.h4 g5 36.hxg5 hxg5
37.Rc2 b4 38.Nd2 Kd5 39.Nf3 Rb1 40.Nd2 Ra1 41.Rb2 b5 42.Rc2 Rd1 43.Rb2 Rc1
44.Nf1 Re1 45.Ng3 Rb1 46.Rxb1 Nxb1 47.Nh5 f5 48.f4 gxf4 49.g5 Kd6 50.Nxf4 Nd2
51.g6 Ke7 52.g7 Kf7 53.Nxe6 Nxb3 54.Kf3 Nd2+ 55.Ke2 Nc4 56.Kd3 b3 57.Kc3 b2
58.Kc2 Nxe3+ 59.Kxb2 Nd5 60.Kb3 Kg8 61.Ka3 Kf7 62.Kb3 Ne7 63.Nf4 Kxg7 64.Kb4 Nc6+
65.Kc5 Nxd4  1/2-1/2

[Event "16th Monarch Assurance"]
[Site "Port Erin IOM"]
[Date "2007.09.26"]
[Round "5"]
[White "Grant,A"]
[Black "Fox,An"]
[Result "0-1"]
[WhiteElo "2223"]
[BlackElo "2084"]

1.Nf3 d5 2.c4 e6 3.d4 Nf6 4.Nc3 Be7 5.Bg5 O-O 6.e3 h6 7.Bh4 b6 8.Be2 Bb7
9.Bxf6 Bxf6 10.cxd5 exd5 11.O-O Nd7 12.Qb3 c6 13.Rac1 Re8 14.Rfe1 Nf8 15.Bd3 Ne6
16.Bb1 Rc8 17.Rcd1 Rc7 18.e4 dxe4 19.Nxe4 g6 20.h4 h5 21.Neg5 Bxg5 22.hxg5 Rce7
23.Bxg6 fxg6  0-1

[Event "6th ch-Asia"]
[Site "Cebu City PHI"]
[Date "2007.09.29"]
[Round "11"]
[White "Ghaem Maghami,E"]
[Black "Sadorra,J"]
[Result "1-0"]
[WhiteElo "2610"]
[BlackElo "2421"]

1.Nf3 d5 2.c4 e6 3.g3 Nf6 4.d4 Nc6 5.cxd5 exd5 6.Bg2 Bb4+ 7.Bd2 a5 8.O-O O-O
9.Nc3 Ne4 10.Rc1 Bg4 11.Be3 Re8 12.Qb3 Qd7 13.Nxe4 dxe4 14.d5 Nb8 15.Nd4 Na6
16.a3 Bd6 17.Qxb7 Reb8 18.Qc6 Qxc6 19.Rxc6 Rxb2 20.Bxe4 Nb8 21.Rc3 Nd7 22.Bc1 Rb6
23.Bf5 h5 24.h3 Bxf5 25.Nxf5 Nf6 26.Rd1 Re8 27.Kf1 Re5 28.Nxd6 cxd6 29.Rcd3 Re4
30.Bf4 Rc4 31.f3 h4 32.Be3 Rb5 33.g4 Rc2 34.Bg5 Rbb2 35.R1d2 Rc1+ 36.Kf2 Rbb1
37.Bxh4 Nd7 38.Bg3 Nb6 39.Rd4 Nc4 40.Rxc4 Rxc4 41.Bxd6 Rcc1 42.Bf4 Rd1 43.d6 Rxd2
44.Bxd2 Rd1 45.Ke3 Kf8 46.Bxa5 Ke8 47.Bc3 f6 48.a4 Kd7 49.h4 Kxd6 50.h5 Kd5
51.h6  1-0

[Event "Open"]
[Site "Corfu GRE"]
[Date "2007.10.03"]
[Round "3"]
[White "Pountzas,H"]
[Black "Zierke,O"]
[Result "1/2-1/2"]
[WhiteElo "2235"]
[BlackElo "2300"]

1.Nf3 d5 2.c4 e6 3.g3 Nf6 4.Bg2 c5 5.O-O Nc6 6.cxd5 exd5 7.d4 Be7 8.Nc3 O-O
9.Bg5 c4 10.Ne5 Be6 11.b3 Qa5 12.Nxc6 bxc6 13.Qd2 Rad8 14.bxc4 dxc4 15.Rfc1 h6
16.Bxf6 Bxf6 17.e3 c5 18.d5 Bxc3 19.Qxc3 Qxc3 20.Rxc3 Bxd5 21.Bxd5 Rxd5 22.Rxc4 Rc8
23.Rb1 Rd2 24.a4 Rc6 25.Rb8+ Kh7 26.Rb7 Rf6 27.Rf4 Rxf4 28.gxf4 Kg6 29.Kg2 Ra2
30.Rxa7 f5 31.Rc7 Rxa4 32.Rxc5 Kf6 33.Rc6+ Kf7 34.Rd6 Ra3 35.Kf3 Ra2 36.Kg3 Re2
37.Rd1 Kf6 38.Kf3 Ra2 39.h4 h5 40.Re1 g6 41.Kg3 Ra3 42.Re2 Rb3 43.Kg2 Ra3
44.f3 Rb3 45.e4 Ra3 46.Rb2 Ra4 47.Rb6+ Kf7 48.Rb7+ Ke6 49.Rb6+ Kf7 50.exf5 gxf5
51.Rh6 Rxf4 52.Rxh5 Kg6 53.Rg5+ Kf6 54.Kg3 Rd4 55.Rg8 Kf7 56.Rb8 Kg6 57.Rb5 Rc4
58.Rb8 Ra4 59.Rg8+ Kf7 60.Rg5 Kf6 61.Kh3 Rf4 62.Rg3 Ra4 63.Rg1 Ra3 64.Kg3 Ra4
65.Rh1 Kg6 66.Rb1 Rc4 67.Rb6+ Kg7 68.h5 Ra4 69.Rg6+ Kf7 70.Rb6 Kg7 71.h6+ Kh7
72.Rf6 Rb4 73.f4 Ra4 74.Rxf5 Kxh6 75.Rg5 Ra6 76.Rg8 Rg6+  1/2-1/2

[Event "GM"]
[Site "Corfu GRE"]
[Date "2007.10.03"]
[Round "3"]
[White "Khetsuriani,B"]
[Black "Savchenko,S"]
[Result "0-1"]
[WhiteElo "2337"]
[BlackElo "2604"]

1.Nf3 d5 2.c4 c6 3.d4 Nf6 4.cxd5 cxd5 5.Nc3 Nc6 6.Bf4 Bf5 7.e3 e6 8.Bd3 Bxd3
9.Qxd3 Be7 10.h3 O-O 11.O-O Nd7 12.Rac1 a6 13.Bg3 Nb6 14.Nd2 Nb4 15.Qb1 Rc8
16.b3 Qd7 17.Nf3 f6 18.Ne2 Rxc1 19.Rxc1 Rc8 20.Rxc8+ Nxc8 21.Ne1 Na7 22.Nd3 Nxd3
23.Qxd3 Nc6 24.Nc3 Qd8 25.Ne2 Nb4 26.Qd2 Qc8 27.Nc3 Kf7 28.a3 Nc6 29.Qd3 g6
30.b4 Na7 31.e4 dxe4 32.Nxe4 Qd7 33.Nc3 Nb5 34.Nxb5 Qxb5 35.Qc3 Qd7 36.Bf4 Bf8
37.Qc4 h5 38.h4 Be7 39.Be3 Bf8 40.g3 Be7 41.Kh2 Bf8 42.Kg1 b5 43.Qc3 Bd6
44.Kf1 Qc7 45.Qd3 Qc6 46.Ke2 Bc7 47.Kd2 a5 48.bxa5 Bxa5+ 49.Ke2 Bc7 50.Bf4 Bd8
51.Bd2 Be7 52.Bb4 Bxb4 53.axb4 Kg7 54.Ke3 g5 55.hxg5 fxg5 56.Qa3 Kh6 57.Qa1 h4
58.gxh4 gxh4 59.d5 Qxd5 60.Qh8+ Kg5 61.Qg7+ Kf5 62.Qh7+ Kg4 63.Qg6+ Qg5+  0-1

[Event "Open"]
[Site "Nelson NZL"]
[Date "2007.10.07"]
[Round "9"]
[White "Dive,RJ"]
[Black "Chandler,M"]
[Result "0-1"]
[WhiteElo "2344"]
[BlackElo "2540"]

1.Nf3 d5 2.c4 e6 3.d4 Nf6 4.Nc3 c6 5.cxd5 exd5 6.Bg5 Bf5 7.e3 Be7 8.Bxf6 Bxf6
9.Bd3 Bg4 10.h3 Bh5 11.O-O O-O 12.g4 Bg6 13.Bxg6 fxg6 14.Qb3 Rf7 15.e4 dxe4
16.Ne5 Bxe5 17.dxe5 Na6 18.Nxe4 Qd5 19.Qxd5 cxd5 20.Nd6 Re7 21.Rfe1 Nb4 22.Rad1 d4
23.f4 Rf8 24.Re4 Nc6 25.Rde1 g5 26.f5 Rd8 27.Nc4 Rc7 28.Rd1 Rd5 29.e6 Kf8
30.Rd2 b5 31.Na3 d3 32.Kf2 Ne5 33.b3 Rc1 34.Rxe5 Rxe5 35.Rxd3 Ra1 36.Rd8+ Ke7
37.Rd7+ Ke8 38.Rxa7 Rxa2+ 39.Kf1 Rc5 40.Ra8+ Ke7 41.Ra7+ Kf6 42.Rf7+ Ke5
43.Nc4+ bxc4 44.e7 Rc8 45.bxc4 Rb8 46.e8=Q+ Rxe8 47.Rxg7 Rb8 48.Re7+ Kd4  0-1

[Event "WJun Girls"]
[Site "Yerevan ARM"]
[Date "2007.10.08"]
[Round "6"]
[White "Gomes,Ma"]
[Black "Bolon,K"]
[Result "1-0"]
[WhiteElo "2262"]
[BlackElo "2103"]

1.Nf3 d5 2.c4 c6 3.b3 Bg4 4.Bb2 Nd7 5.g3 Ngf6 6.Bg2 e6 7.O-O Bd6 8.d3 Qe7
9.Nbd2 O-O 10.a3 a6 11.e4 dxe4 12.dxe4 e5 13.Qc2 a5 14.h3 Bh5 15.Nh4 Bg6
16.Nf5 Bxf5 17.exf5 Bc5 18.Rfe1 Qd6 19.Rad1 Qc7 20.g4 Rfe8 21.g5 Nh5 22.Ne4 b6
23.Qe2 Nf4 24.Qg4 Nxg2 25.Rxd7 Qxd7 26.Nf6+ Kh8 27.Nxd7 Nxe1 28.Nxc5 bxc5
29.Qe4 a4 30.bxa4 Rxa4 31.Qxc6 Raa8 32.Qe4 Rab8 33.Bc3 Rb3 34.Qxe1 Rxa3 35.Bxe5 Kg8
36.Qd2 Rxh3 37.Qd7 Ra8 38.g6 hxg6 39.fxg6  1-0

[Event "Open"]
[Site "Corfu GRE"]
[Date "2007.10.09"]
[Round "8"]
[White "Pountzas,H"]
[Black "Witte,R"]
[Result "1/2-1/2"]
[WhiteElo "2235"]
[BlackElo "2070"]

1.Nf3 d5 2.c4 c6 3.e3 Nf6 4.Nc3 e6 5.Be2 Nbd7 6.d4 dxc4 7.Bxc4 b5 8.Bd3 a6
9.O-O c5 10.a4 b4 11.Ne4 Bb7 12.Nxc5 Nxc5 13.dxc5 Bxc5 14.Qe2 Qe7 15.e4 h6
16.b3 O-O 17.e5 Nd7 18.Bf4 Rfd8 19.Rad1 Nf8 20.Be4 Bxe4 21.Qxe4 Rxd1 22.Rxd1 Rd8
23.Rd2 Rxd2 24.Bxd2 Qa7 25.Bxb4 Bxf2+ 26.Kf1 Bc5 27.Ba5 Qd7 28.Ke2 Ng6 29.g3 Qa7
30.Qc6 Bg1 31.Bc3 Qe3+ 32.Kd1 Qd3+ 33.Kc1 Ne7 34.Qa8+ Kh7 35.Bd2 Be3 36.Bxe3 Qxe3+
37.Nd2 Qc3+ 38.Kd1 Qa1+ 39.Kc2 Qa2+ 40.Kd1 Qa1+ 41.Kc2 Qa2+  1/2-1/2

[Event "Open"]
[Site "Winterthur SUI"]
[Date "2007.10.11"]
[Round "7"]
[White "Jurek,J"]
[Black "Singeisen,H"]
[Result "0-1"]
[WhiteElo "2351"]
[BlackElo "2102"]

1.Nf3 d5 2.c4 c6 3.d4 Nf6 4.Qc2 e6 5.g3 Nbd7 6.Bg2 Ne4 7.O-O f5 8.b3 Be7
9.Ba3 Bxa3 10.Nxa3 O-O 11.Rad1 a6 12.Qb2 b5 13.Nc2 bxc4 14.bxc4 a5 15.Ne5 Nxe5
16.dxe5 Ba6 17.Nd4 Bxc4 18.Bxe4 fxe4 19.Nxe6 Qb8 20.Rb1 Re8 21.Qd4 Qa7 22.Nc5 Rab8
23.Rfe1 Rb5 24.Rxb5 cxb5 25.f4 Bxa2 26.e3 Bc4 27.f5 Rc8 28.Ne6 Qxd4 29.exd4 a4
30.Ra1 Be2 31.Nf4 Bc4 32.Ne6 Ra8 33.Kf2 b4 34.Ke3 b3 35.Kd2 b2 36.Rb1 a3
37.Kc3 Bd3 38.Rxb2 axb2 39.Kxb2 e3 40.Nf4 Bc4  0-1

[Event "WJun"]
[Site "Yerevan ARM"]
[Date "2007.10.12"]
[Round "9"]
[White "Margvelashvili,G"]
[Black "Galic,I"]
[Result "1-0"]
[WhiteElo "2451"]
[BlackElo "2255"]

1.Nf3 d5 2.c4 c6 3.g3 dxc4 4.Bg2 Qc7 5.Na3 b5 6.b3 cxb3 7.Qxb3 Bb7 8.Bb2 e6
9.Nc2 Nf6 10.O-O Be7 11.Rfc1 O-O 12.d4 Nbd7 13.a4 bxa4 14.Qxa4 c5 15.Ne3 Qd8
16.Rd1 Nb6 17.Qb5 Qe8 18.Qb3 Nfd7 19.Qd3 Bf6 20.Ng4 c4 21.Qc2 Qc8 22.e4 Re8
23.Bc3 Be7 24.Ra5 Nf6 25.Nxf6+ Bxf6 26.Rda1 a6 27.Rb1 Bd8 28.Rc5 Qd7 29.Ne5 Qe7
30.Ba5 Nc8 31.Nxc4 Rb8 32.Bxd8 Rxd8 33.Na5 Nd6 34.Rc7 Bxe4 35.Bxe4 Rxb1+
36.Kg2 Rb2 37.Rxe7 Rxc2 38.Bxc2 Nb5 39.Nc6 Rc8 40.Na7 g6  1-0

[Event "FSGM October"]
[Site "Budapest HUN"]
[Date "2007.10.13"]
[Round "8"]
[White "Fogarasi,T"]
[Black "Fodor,T jr"]
[Result "0-1"]
[WhiteElo "2428"]
[BlackElo "2422"]

1.Nf3 d5 2.c4 dxc4 3.Qa4+ c6 4.Qxc4 Nf6 5.g3 g6 6.Bg2 Bg7 7.O-O O-O 8.d4 Be6
9.Qc2 Bf5 10.Qb3 Qb6 11.Nbd2 Nbd7 12.Nc4 Qa6 13.Nfd2 Be6 14.Qc2 Nd5 15.e3 c5
16.Qd1 cxd4 17.exd4 Nb4 18.Ne3 Bxd4 19.Nb3 Bg7 20.Nd4 Nc5 21.Nxe6 Qxe6 22.Bd2 Rad8
23.Bxb4 Rxd1 24.Raxd1 b6 25.Nd5 Bxb2 26.Rfe1 Qg4 27.Nxe7+ Kg7 28.Nd5 Rd8
29.Rd2 Rxd5 30.Rxb2 Rd1 31.Bc3+ Kf8 32.Rb1 Rxb1 33.Rxb1 Qc4 34.Bf6 Qe6 35.Bd4 Qxa2
36.Ra1 Qc4 37.Be3 a5 38.Rb1 Qe6 39.Bh6+ Ke7 40.Bd2 f5 41.Re1 Ne4 42.Bc1 Qa2
43.Be3 b5 44.f3 Nf6 45.Bf1 Qb3 46.Bb6+ Kf7 47.Bxa5 Qxf3 48.Bg2 Qd3  0-1

[Event "TCh-HUN 2007-8"]
[Site "Budapest HUN"]
[Date "2007.10.14"]
[Round "1"]
[White "Horvath,Gy1"]
[Black "Antok,D"]
[Result "1-0"]
[WhiteElo "2419"]
[BlackElo "2253"]

1.Nf3 d5 2.c4 c6 3.d4 Nf6 4.e3 Bf5 5.Nc3 e6 6.Bd3 Bxd3 7.Qxd3 Bb4 8.O-O Nbd7
9.Bd2 Bxc3 10.Bxc3 O-O 11.Rfc1 Ne4 12.Bb4 Re8 13.Rc2 a5 14.Ba3 Nb6 15.b3 a4
16.h3 axb3 17.axb3 Ra6 18.Rca2 Qc7 19.Bb4 Rxa2 20.Rxa2 Ra8 21.Qc2 Rxa2 22.Qxa2 Qc8
23.Ne5 h6 24.Qa7 Nd7 25.Nd3 Kh7 26.f3 Nef6 27.Bd6 Kg8 28.Qa5 Ne8 29.Bg3 dxc4
30.bxc4 Nef6 31.e4 Ne8 32.c5 Kh7 33.Nb2 f5 34.Nc4 Ndf6 35.Qe1 Qd7 36.Be5 fxe4
37.fxe4 Qf7 38.Qe3 Qg6 39.Bxf6 gxf6 40.Nd6 b5 41.d5 Nc7 42.dxc6 Qg5 43.Qxg5 fxg5
44.Kf2 Kg6 45.Ke3 e5 46.Kd3 g4 47.Kc3 gxh3 48.gxh3 Na6 49.Nxb5 Nxc5 50.c7 Na4+
51.Kb4 Nb6 52.Kc5  1-0

[Event "Open A"]
[Site "Arco di Trento ITA"]
[Date "2007.10.20"]
[Round "1"]
[White "Weiland,G"]
[Black "Salvador,R"]
[Result "0-1"]
[WhiteElo "1982"]
[BlackElo "2456"]

1.Nf3 d5 2.c4 e6 3.d4 Nf6 4.g3 b6 5.Bg2 Bb7 6.Nbd2 Nbd7 7.O-O c5 8.cxd5 Bxd5
9.Re1 cxd4 10.Nxd4 Bxg2 11.Kxg2 Bc5 12.N2f3 Ne4 13.b4 Bxb4 14.Nc6 Qf6 15.Bg5 Nxg5
16.Nxb4 Ne4 17.Qd3 Nec5 18.Qd6 Qe7 19.Rad1 Qxd6 20.Rxd6 Ne4 21.Rc6 Ke7 22.Rd1 Rhc8
23.Nd4 a5 24.Nd3 Rxc6 25.Nxc6+ Ke8 26.f3 Nec5 27.Nde5 Rc8 28.Na7 Ra8 29.Nb5 Ke7
30.Nc6+ Kf8 31.e4 f6 32.Rd6 e5 33.Nc7 Rc8 34.Nd5 Kf7 35.Na7 Rb8 36.Nc6 Re8
37.Nc7 Rc8 38.Nb5 Rh8 39.h4 Nb8 40.Nxb8 Rxb8 41.Rc6 Ne6 42.Nd6+ Ke7 43.Nc4 b5
44.Nxa5 Ra8 45.Nb7 Rxa2+ 46.Kh3 h5 47.Nc5 Nd4 48.Rb6  0-1

[Event "TCh-FIN 2007-8"]
[Site "Finland FIN"]
[Date "2007.10.20"]
[Round "3"]
[White "Halmeenmaki,T"]
[Black "Pulkkinen,K"]
[Result "0-1"]
[WhiteElo "2150"]
[BlackElo "2330"]

1.Nf3 d5 2.c4 dxc4 3.Na3 a6 4.Nxc4 b5 5.Ne3 Bb7 6.a4 Nd7 7.d4 e6 8.Qb3 Ngf6
9.axb5 axb5 10.Rxa8 Qxa8 11.Qxb5 Bc6 12.Qb3 Qa1 13.Qc2 Bb4+ 14.Nd2 Ba4 15.b3 Bxb3
16.Qb2 Qxb2 17.Bxb2 Ke7 18.f3 Ra8 19.Nd1 Bxd2+ 20.Kxd2 Ra2 21.e4 Bxd1 22.Kc3 Nb6
23.Bb5 Nfd5+ 24.exd5 Nxd5+  0-1